[Event "Mercredi 2022.04.06 ABCD"]
[Site "Montreal CAN"]
[Date "2022.04.27"]
[Round "4"]
[White "Beaudry, Marc-Andre"]
[Black "Jacquet, Stephane"]
[Result "1-0"]
[WhiteElo "1976"]
[BlackElo "1992"]
[PlyCount "59"]
[EventDate "2022.04.06"]
[EventType "tourn"]
[EventRounds "5"]
[EventCountry "CAN"]

1. e4 d6 2. d4 g6 3. c4 Bg7 4. Nc3 Nf6 5. f3 a6 6. Bg5 Nbd7 7. Nh3 c5 8. d5 O-O
9. Qd2 Ne5 10. Nf2 b5 11. cxb5 axb5 12. Bxb5 Ba6 13. a4 Ne8 14. O-O Nc7 15. f4
Nc4 16. Qe2 Na5 17. Ra3 Bb7 18. Bd3 Na6 19. Rd1 Nb4 20. Bb5 Qc7 21. Ng4 f5 22.
Nh6+ Kh8 23. exf5 Bxh6 24. Bxh6 Rxf5 25. g4 Nxd5 26. gxf5 Nxc3 27. Rxc3 gxf5
28. Rg3 Rg8 29. Rxg8+ Kxg8 30. Qe6+ 1-0

[Event "Mercredi 2022.04.06 ABCD"]
[Site "Montreal CAN"]
[Date "2022.04.27"]
[Round "4"]
[White "Cardin, Guillaume"]
[Black "Rodrigue-Lemieux, Shawn"]
[Result "0-1"]
[WhiteElo "2040"]
[BlackElo "2435"]
[PlyCount "128"]
[EventDate "2022.04.06"]
[EventType "tourn"]
[EventRounds "5"]
[EventCountry "CAN"]

1. d4 Nf6 2. c4 e6 3. g3 d5 4. Nf3 Be7 5. Bg2 O-O 6. O-O dxc4 7. Qc2 a6 8. a4
Bd7 9. Qxc4 Bc6 10. Bf4 Bd6 11. Qc1 a5 12. Nc3 Na6 13. Rd1 Nb4 14. Bg5 h6 15.
Bh4 Bxf3 16. Bxf6 Qxf6 17. Bxf3 c6 18. Ne4 Qe7 19. Nxd6 Qxd6 20. Qc4 Rfd8 21.
Rac1 e5 22. dxe5 Qxe5 23. b3 Na2 24. Rxd8+ Rxd8 25. Rc2 Nb4 26. Rc3 Rd4 27. Qc5
Qxc5 28. Rxc5 Rd1+ 29. Kg2 b6 30. Rc3 c5 31. Be4 Rd2 32. Kf3 g6 33. Re3 Rb2 34.
h4 h5 35. Kf4 Kg7 36. Ke5 Rd2 37. f4 Rd8 38. f5 Re8+ 39. Kf4 Kf6 40. fxg6 fxg6
41. Rf3 Re6 42. Rf1 Na2 43. Bd3 Nc3 44. Rf2 Nd5+ 45. Kf3 Ne3 46. Bc4 Re5 47.
Kf4 Re8 48. Bb5 Re7 49. Bc4 Re5 50. Bb5 Re7 51. Bc4 Kg7 52. Bd3 Ng4 53. Rf3 Kf6
54. e4 Ne5 55. Re3 Rf7 56. Bc4 Nxc4 57. bxc4 g5+ 58. Kf3 Ke5+ 59. Ke2 gxh4 60.
gxh4 Rf4 61. Rb3 Rxe4+ 62. Re3 Kf4 63. Rxe4+ Kxe4 64. Kf2 Kd4 0-1

[Event "Mercredi 2022.04.06 ABCD"]
[Site "Montreal CAN"]
[Date "2022.04.27"]
[Round "4"]
[White "Chapdelaine, Gwyn"]
[Black "Beaulieu, Pierre"]
[Result "1-0"]
[WhiteElo "1830"]
[BlackElo "1876"]
[PlyCount "55"]
[EventDate "2022.04.06"]
[EventType "tourn"]
[EventRounds "5"]
[EventCountry "CAN"]

1. e4 g6 2. Nc3 Bg7 3. Bc4 d6 4. d4 c6 5. Be3 Nf6 6. Nf3 d5 7. exd5 cxd5 8. Bb3
O-O 9. Qe2 b6 10. O-O-O a5 11. Qd2 Na6 12. Bh6 Nc7 13. Bxg7 Kxg7 14. a4 Bd7 15.
h4 h5 16. Rdg1 b5 17. Ne5 Be8 18. g4 Rh8 19. gxh5 Rxh5 20. Rg5 b4 21. Rxh5 Nxh5
22. Ne2 Ne6 23. Ng4 Bc6 24. Qh6+ Kg8 25. Ne5 Bb7 26. Rg1 Qf8 27. Qxh5 Qg7 28.
Nxg6 1-0

[Event "Mercredi 2022.04.06 ABCD"]
[Site "Montreal CAN"]
[Date "2022.04.27"]
[Round "4"]
[White "Destree, Frederic"]
[Black "Kulenovic, Sacha"]
[Result "1-0"]
[WhiteElo "1812"]
[BlackElo "1657"]
[PlyCount "65"]
[EventDate "2022.04.06"]
[EventType "tourn"]
[EventRounds "5"]
[EventCountry "CAN"]

1. Nf3 d5 2. g3 Bg4 3. Bg2 c5 4. O-O Nc6 5. h3 Bf5 6. d3 Nf6 7. Nbd2 e5 8. Re1
Bd6 9. e4 dxe4 10. dxe4 Be6 11. c3 O-O 12. Qc2 h6 13. Nf1 Qd7 14. Kh2 g5 15.
Ne3 Ne7 16. Bd2 Kg7 17. Rad1 g4 18. hxg4 Bxg4 19. Bc1 Qe6 20. Nxg4 Nxg4+ 21.
Kg1 c4 22. Bh3 h5 23. Ng5 Qf6 24. Bxg4 hxg4 25. Kg2 Rh8 26. Rh1 Bc5 27. Qe2
Rag8 28. Rdf1 Kf8 29. Nh7+ Rxh7 30. Rxh7 b5 31. Rfh1 Nc8 32. R1h6 Qe7 33. Rh8
1-0

[Event "Mercredi 2022.04.06 ABCD"]
[Site "Montreal CAN"]
[Date "2022.04.27"]
[Round "4"]
[White "Gadbois, Patrick"]
[Black "Nunez, Omar"]
[Result "1/2-1/2"]
[WhiteElo "1888"]
[BlackElo "1951"]
[PlyCount "30"]
[EventDate "2022.04.06"]
[EventType "tourn"]
[EventRounds "5"]
[EventCountry "CAN"]

1. d4 d6 2. c4 c5 3. e3 g6 4. Nf3 Bg7 5. Nc3 Na6 6. Be2 Nf6 7. O-O O-O 8. b3 b6
9. Bb2 Nc7 10. Rc1 Bb7 11. d5 Rb8 12. Qd2 a6 13. Ng5 b5 14. Rb1 Ba8 15. Nge4
bxc4 1/2-1/2

[Event "Mercredi 2022.04.06 ABCD"]
[Site "Montreal CAN"]
[Date "2022.04.27"]
[Round "4"]
[White "Genzling, Jerome"]
[Black "Latorre, Vincent"]
[Result "0-1"]
[WhiteElo "2022"]
[BlackElo "2053"]
[PlyCount "46"]
[EventDate "2022.04.06"]
[EventType "tourn"]
[EventRounds "5"]
[EventCountry "CAN"]

1. e4 g6 2. d4 Bg7 3. Nc3 d6 4. f4 a6 5. a4 b6 6. Nf3 Bb7 7. Bc4 e6 8. O-O Ne7
9. f5 exf5 10. exf5 d5 11. fxg6 hxg6 12. Ba2 Nbc6 13. Ng5 Bxd4+ 14. Kh1 Nf5 15.
Qe1+ Qe7 16. Nxd5 Qxe1 17. Rxe1+ Kd7 18. Bf4 f6 19. Ne4 g5 20. Bxc7 Nb4 21.
Nxb4 Kxc7 22. Nd5+ Bxd5 23. Bxd5 Rxh2+ 0-1

[Event "Mercredi 2022.04.06 ABCD"]
[Site "Montreal CAN"]
[Date "2022.04.27"]
[Round "4"]
[White "Hagopian, Christian"]
[Black "Singher, Jean-Pierre"]
[Result "1/2-1/2"]
[WhiteElo "1880"]
[BlackElo "1898"]
[PlyCount "93"]
[EventDate "2022.04.06"]
[EventType "tourn"]
[EventRounds "5"]
[EventCountry "CAN"]

1. c4 c5 2. g3 g6 3. Bg2 Bg7 4. Nf3 Nc6 5. Nc3 d6 6. O-O e5 7. e4 Nge7 8. d3
O-O 9. Be3 h6 10. Ne1 f5 11. f4 Be6 12. Qd2 Kh7 13. Nc2 Qd7 14. Rab1 a5 15. Nd5
Bxd5 16. cxd5 Nb4 17. a3 Nxc2 18. Qxc2 a4 19. Qd2 exf4 20. gxf4 Rfe8 21. Rfe1
b5 22. d4 fxe4 23. Bxe4 Nf5 24. Bxf5 Qxf5 25. dxc5 dxc5 26. Bxc5 Rad8 27. Rxe8
Qxb1+ 28. Re1 Rxd5 29. Rxb1 Rxd2 30. b3 Bd4+ 31. Bxd4 Rxd4 32. bxa4 bxa4 33.
Rb7+ Kg8 34. Ra7 Rxf4 35. Kg2 h5 36. h3 Kf8 37. Kg3 Rc4 38. Kg2 Rc2+ 39. Kg3
Rc3+ 40. Kg2 Rxa3 41. Kh2 h4 42. Rh7 Ra2+ 43. Kg1 Rb2 44. Ra7 Rb3 45. Rxa4 Rxh3
46. Rg4 Kf7 47. Kg2 1/2-1/2

[Event "Mercredi 2022.04.06 ABCD"]
[Site "Montreal CAN"]
[Date "2022.04.27"]
[Round "4"]
[White "Lima-Barbosa, Raphael"]
[Black "Di Matteo, Alessio"]
[Result "0-1"]
[WhiteElo "1814"]
[BlackElo "1822"]
[PlyCount "60"]
[EventDate "2022.04.06"]
[EventType "tourn"]
[EventRounds "5"]
[EventCountry "CAN"]

1. d4 Nf6 2. c4 e6 3. Nc3 Bb4 4. e3 O-O 5. Bd3 c5 6. Nf3 d5 7. O-O cxd4 8. exd4
dxc4 9. Bxc4 Nc6 10. a3 Be7 11. Bf4 Nh5 12. Be3 a6 13. Rc1 Nf6 14. Qd2 b5 15.
Ba2 Bb7 16. d5 exd5 17. Nxd5 Nxd5 18. Bxd5 Rc8 19. Rfd1 Bf6 20. Ng5 Na5 21.
Rxc8 Bxc8 22. Nxf7 Qc7 23. Bf4 Qb6 24. Be3 Qc7 25. Rc1 Nc4 26. Nd6+ Kh8 27.
Nxc4 bxc4 28. Rxc4 Qe5 29. Rd4 Rd8 30. Bf4 Qxd4 0-1

[Event "Mercredi 2022.04.06 ABCD"]
[Site "Montreal CAN"]
[Date "2022.04.27"]
[Round "4"]
[White "Lopez Linares, Lizandro"]
[Black "Zheng, Richard"]
[Result "0-1"]
[WhiteElo "2181"]
[BlackElo "2192"]
[PlyCount "134"]
[EventDate "2022.04.06"]
[EventType "tourn"]
[EventRounds "5"]
[EventCountry "CAN"]

1. d4 d5 2. c4 c6 3. Nf3 Nf6 4. Nc3 e6 5. Bg5 dxc4 6. e4 b5 7. e5 h6 8. Bh4 g5
9. exf6 gxh4 10. Ne5 Bb4 11. Be2 Nd7 12. Nxc6 Bxc3+ 13. bxc3 Qc7 14. a4 bxa4
15. Qxa4 Nxf6 16. Nxa7+ Bd7 17. Qa3 Rb8 18. Bf3 Rb3 19. Qc1 Kf8 20. O-O Kg7 21.
Ra6 Rb6 22. Qa3 Rhb8 23. h3 Rxa6 24. Qxa6 Qb6 25. Qa3 Nd5 26. Bxd5 exd5 27. Ra1
Re8 28. Qc5 Qxc5 29. dxc5 Ra8 30. Kf1 Kf6 31. Ke2 Ke5 32. c6 Bf5 33. Ke3 Re8
34. Nb5 Rc8 35. Nd4 Rc7 36. Ra8 Bc8 37. f4+ Kf6 38. Ra5 Be6 39. Ra6 Bc8 40. Rb6
Re7+ 41. Kf3 Re1 42. Rb8 Re8 43. f5 Ke5 44. Ra8 f6 45. Ra2 Bxf5 46. Re2+ Be4+
47. Kg4 Rg8+ 48. Kxh4 Kd6 49. g4 h5 50. Rb2 hxg4 51. hxg4 Rg7 52. Rb8 Rf7 53.
Rb2 f5 54. g5 f4 55. Kg4 f3 56. Rf2 Rf8 57. Nxf3 d4 58. Nd2 Rxf2 59. Nxe4+ Kxc6
60. cxd4 Rf8 61. g6 Kd5 62. g7 Rb8 63. Kf5 Kxd4 64. Ng3 Rg8 65. Kf6 Kd3 66. Nh5
c3 67. Nf4+ Kd2 0-1

[Event "Mercredi 2022.04.06 ABCD"]
[Site "Montreal CAN"]
[Date "2022.05.04"]
[Round "5"]
[White "Di Matteo, Alessio"]
[Black "Destree, Frederic"]
[Result "1-0"]
[WhiteElo "1822"]
[BlackElo "1812"]
[PlyCount "109"]
[EventDate "2022.04.06"]
[EventType "tourn"]
[EventRounds "5"]
[EventCountry "CAN"]

1. d4 g6 2. c4 Bg7 3. e4 d6 4. Nc3 Nf6 5. Nf3 O-O 6. Be2 Na6 7. O-O e5 8. Be3
Ng4 9. Bg5 Qe8 10. d5 f6 11. Bh4 f5 12. Nd2 Nf6 13. f3 f4 14. a3 h6 15. b4 g5
16. Bf2 Qg6 17. c5 Rf7 18. cxd6 cxd6 19. Nc4 Bf8 20. Nb5 Rg7 21. Nbxd6 g4 22.
Nxc8 g3 23. hxg3 fxg3 24. N8d6 gxf2+ 25. Rxf2 Ng4 26. fxg4 Bxd6 27. Nxd6 Qxd6
28. Rf5 Nc7 29. Qb3 Ne8 30. Raf1 Rc8 31. Qg3 Qb6+ 32. Kh2 Nd6 33. Rxe5 Qd4 34.
Bf3 Nc4 35. Re6 Ne3 36. Re1 Rc3 37. Qb8+ Kh7 38. Re8 Nxg4+ 39. Bxg4 Rxg4 40.
Re7+ Rg7 41. Rxg7+ Qxg7 42. Qf4 Rc2 43. Qg3 Qf6 44. e5 Qf5 45. d6 Rd2 46. e6
Rd1 47. Rxd1 Qh5+ 48. Qh3 Qe5+ 49. g3 Qe2+ 50. Kg1 Qxd1+ 51. Qf1 Qd4+ 52. Kh2
Qd2+ 53. Kh3 Qxd6 54. Qf7+ Kh8 55. Qe8+ 1-0

[Event "Mercredi 2022.04.06 ABCD"]
[Site "Montreal CAN"]
[Date "2022.05.04"]
[Round "5"]
[White "Gauthier, Luc"]
[Black "Lima-Barbosa, Raphael"]
[Result "1/2-1/2"]
[WhiteElo "1672"]
[BlackElo "1814"]
[PlyCount "67"]
[EventDate "2022.04.06"]
[EventType "tourn"]
[EventRounds "5"]
[EventCountry "CAN"]

1. e4 c5 2. f4 Nc6 3. Nf3 g6 4. Nc3 Bg7 5. Bb5 Nd4 6. O-O Nxb5 7. Nxb5 d5 8.
exd5 a6 9. Nc3 Nf6 10. d3 Nxd5 11. Qe1 e6 12. f5 O-O 13. fxg6 fxg6 14. Ne4 Qb6
15. c3 e5 16. Kh1 Bg4 17. Neg5 h6 18. Qe4 Bxf3 19. Nxf3 Rad8 20. Qc4 Kh7 21.
Qh4 Qd6 22. Bg5 Rd7 23. Nd2 Rdf7 24. Rxf7 Rxf7 25. Ne4 Qf8 26. h3 Rf1+ 27. Rxf1
Qxf1+ 28. Kh2 Nf4 29. Bxf4 exf4 30. Nf6+ Bxf6 31. Qxf6 Qxd3 32. Qf7+ Kh8 33.
Qf8+ Kh7 34. Qf7+ 1/2-1/2

[Event "Mercredi 2022.04.06 ABCD"]
[Site "Montreal CAN"]
[Date "2022.05.03"]
[Round "5"]
[White "Guipi Bopala, Prince Eric jr"]
[Black "Batorshin, Illia"]
[Result "1/2-1/2"]
[WhiteElo "2021"]
[BlackElo "1956"]
[PlyCount "150"]
[EventDate "2022.04.06"]
[EventType "tourn"]
[EventRounds "5"]
[EventCountry "CAN"]

1. d4 Nf6 2. c4 e6 3. g3 d5 4. Bg2 Be7 5. Nf3 O-O 6. O-O c6 7. Qc2 b6 8. Nbd2
Bb7 9. e4 Na6 10. a3 c5 11. cxd5 exd5 12. e5 Ne4 13. Rd1 Rc8 14. Nxe4 dxe4 15.
dxc5 Rxc5 16. Rxd8 Rxc2 17. Rxf8+ Bxf8 18. Nd4 Rc4 19. Be3 Nc5 20. Nb5 Nd3 21.
Nxa7 Bc5 22. Nb5 Bd5 23. Nd6 Rc2 24. Bxc5 Nxc5 25. Rd1 Bc6 26. Nxe4 Ne6 27. Ng5
Bxg2 28. Kxg2 Rxb2 29. Nxe6 fxe6 30. Rd6 Kf7 31. a4 Ke7 32. Kf3 h6 33. h4 Rb4
34. Ke3 Rb3+ 35. Ke2 Rb2+ 36. Kf3 Rb4 37. Ke3 Rxa4 38. Rxb6 Ra3+ 39. Kf4 Ra4+
40. Kf3 Ra3+ 41. Kg4 Ra2 42. Rb7+ Kf8 43. Kf3 Ra5 44. Ke4 Ra4+ 45. Ke3 Ra3+ 46.
Kf4 Ra4+ 47. Ke3 Rc4 48. Kf3 Rc3+ 49. Kg4 Rc5 50. Kf4 Rc4+ 51. Kf3 Rc2 52. Ke3
Rc1 53. Kf3 Re1 54. Kf4 Re2 55. f3 Re1 56. g4 Rc1 57. g5 Rc4+ 58. Kg3 Rc5 59.
gxh6 gxh6 60. Rh7 Rxe5 61. Kg4 Re2 62. Rxh6 Kg7 63. Rh5 Rg2+ 64. Kf4 Rh2 65.
Ke5 Re2+ 66. Kd4 Kf6 67. Kd3 Rh2 68. Ke3 Kg6 69. Rg5+ Kf6 70. Rg4 e5 71. f4
exf4+ 72. Kxf4 Ra2 73. Rg1 Ra4+ 74. Kg3 Kg6 75. Kh3+ Kh5 1/2-1/2

[Event "Mercredi 2022.04.06 ABCD"]
[Site "Montreal CAN"]
[Date "2022.05.04"]
[Round "5"]
[White "Jacquet, Stephane"]
[Black "Barko, Maxim"]
[Result "1-0"]
[WhiteElo "1992"]
[BlackElo "2015"]
[PlyCount "83"]
[EventDate "2022.04.06"]
[EventType "tourn"]
[EventRounds "5"]
[EventCountry "CAN"]

1. d4 f5 2. Nf3 Nf6 3. g3 g6 4. Bg2 Bg7 5. O-O O-O 6. b3 d6 7. Bb2 c6 8. Nbd2
a5 9. a3 Nbd7 10. Re1 d5 11. Ne5 Nxe5 12. dxe5 Ng4 13. Nf3 f4 14. Qd4 Nh6 15.
c4 Bg4 16. Rad1 e6 17. Bc1 g5 18. gxf4 Bxf3 19. Bxf3 g4 20. Bg2 Rf5 21. e4 Rh5
22. Rd3 Qh4 23. cxd5 Qxh2+ 24. Kf1 cxd5 25. Qb6 Re8 26. Red1 Qh4 27. exd5 exd5
28. Rxd5 g3 29. Rd8 Rf8 30. Rxf8+ Bxf8 31. Qd8 Qxd8 32. Rxd8 gxf2 33. Kxf2 b6
34. e6 Nf5 35. Be4 Ne7 36. a4 Kg7 37. Bb2+ Kg8 38. Ba3 Kg7 39. Re8 Rh2+ 40. Kf1
Ng6 41. Rxf8 Nxf8 42. e7 1-0

[Event "Mercredi 2022.04.06 ABCD"]
[Site "Montreal CAN"]
[Date "2022.05.04"]
[Round "5"]
[White "Kulenovic, Sacha"]
[Black "Baran, Marius"]
[Result "1-0"]
[WhiteElo "1657"]
[BlackElo "1750"]
[PlyCount "61"]
[EventDate "2022.04.06"]
[EventType "tourn"]
[EventRounds "5"]
[EventCountry "CAN"]

1. g4 d5 2. h3 h5 3. gxh5 Nf6 4. d3 Nxh5 5. Bg2 e5 6. Nf3 Nc6 7. Nbd2 Nf4 8.
Bf1 Be7 9. c4 Be6 10. Qb3 e4 11. dxe4 dxc4 12. Nxc4 g5 13. Bxf4 gxf4 14. a3 Nd4
15. Qc3 Nxf3+ 16. exf3 Bf6 17. e5 Bh4 18. Nd2 Qe7 19. Bb5+ Kf8 20. Ne4 Rh6 21.
O-O-O a6 22. Bd3 Ba2 23. Kd2 Rc6 24. Qb4 Qxb4+ 25. axb4 Re6 26. Nc5 Re7 27.
Rhg1 Bxf2 28. Rg2 Be3+ 29. Kc2 Be6 30. Bh7 Bf5+ 31. Bxf5 1-0

[Event "Mercredi 2022.04.06 ABCD"]
[Site "Montreal CAN"]
[Date "2022.05.04"]
[Round "5"]
[White "Latorre, Vincent"]
[Black "Cardin, Guillaume"]
[Result "1-0"]
[WhiteElo "2053"]
[BlackElo "2040"]
[PlyCount "213"]
[EventDate "2022.04.06"]
[EventType "tourn"]
[EventRounds "5"]
[EventCountry "CAN"]

1. e4 c5 2. Nf3 Nc6 3. Nc3 e5 4. Bc4 Be7 5. d3 Nf6 6. Nd2 d6 7. Nf1 Bg4 8. f3
Be6 9. Ne3 O-O 10. O-O Nh5 11. Ned5 Bg5 12. Bxg5 Qxg5 13. Qc1 Qxc1 14. Raxc1
Bxd5 15. Bxd5 Nd4 16. g3 Nf6 17. Bc4 a6 18. Kf2 b5 19. Bd5 Rab8 20. Ne2 b4 21.
Bc4 a5 22. Rfd1 g6 23. c3 Nxe2 24. Kxe2 bxc3 25. bxc3 Rb2+ 26. Rd2 Rfb8 27. Bb3
Rxd2+ 28. Kxd2 Kf8 29. Ke3 Ke7 30. d4 Nd7 31. f4 f6 32. Rf1 cxd4+ 33. cxd4 Rb4
34. dxe5 dxe5 35. Rc1 a4 36. Rc4 Rxc4 37. Bxc4 Kd6 38. a3 exf4+ 39. gxf4 g5 40.
fxg5 fxg5 41. Bb5 Nb6 42. Kd4 h5 43. Be8 h4 44. e5+ Ke6 45. Bh5 Nd7 46. Bg4+
Ke7 47. h3 Nb6 48. Kc5 Nd7+ 49. Kd5 Nb6+ 50. Kd4 Nd7 51. Bf5 Nb6 52. Kc5 Nd7+
53. Kd5 Nb6+ 54. Kd4 Nd7 55. e6 Nb6 56. Kc5 Nc8 57. Kd5 Nb6+ 58. Kc5 Nc8 59.
Bg4 Nd6 60. Kb4 Ne4 61. Kxa4 Nc5+ 62. Kb5 Nxe6 63. Kb6 Nf4 64. a4 Kd6 65. a5
Nd5+ 66. Kb7 Nb4 67. Be2 Kd7 68. Bf3 Kd6 69. Bg4 Ke7 70. Kc7 Nd5+ 71. Kc6 Nb4+
72. Kb5 Nd5 73. Bf3 Nc7+ 74. Kb6 Kd6 75. Bc6 g4 76. hxg4 h3 77. Bf3 h2 78. g5
Nd5+ 79. Kb7 Nb4 80. g6 Ke6 81. g7 Kf7 82. Kb6 Kxg7 83. Kb5 Nc2 84. Kc5 Ne1 85.
Bh1 Nd3+ 86. Kb5 Nf2 87. Bg2 h1=Q 88. Bxh1 Nxh1 89. a6 Ng3 90. a7 Nf5 91. a8=Q
Kf6 92. Kc4 Ke5 93. Qe8+ Kf4 94. Kd5 Ne3+ 95. Kd4 Nf5+ 96. Kd3 Kg5 97. Qe6 Kf4
98. Qf6 Kg4 99. Ke4 Ng3+ 100. Ke3 Nf5+ 101. Ke4 Ng3+ 102. Ke5 Ne2 103. Qf2 Ng3
104. Qg2 Kh4 105. Kf4 Nh5+ 106. Kf3 Nf6 107. Qg6 1-0

[Event "Mercredi 2022.04.06 ABCD"]
[Site "Montreal CAN"]
[Date "2022.05.04"]
[Round "5"]
[White "Nesterov, Timour"]
[Black "Beaudry, Marc-Andre"]
[Result "1-0"]
[WhiteElo "1996"]
[BlackElo "1976"]
[PlyCount "106"]
[EventDate "2022.04.06"]
[EventType "tourn"]
[EventRounds "5"]
[EventCountry "CAN"]

1. d4 Nf6 2. c4 e6 3. Nf3 d5 4. Nc3 c6 5. Bg5 dxc4 6. e4 b5 7. e5 h6 8. Bh4 g5
9. Nxg5 hxg5 10. Bxg5 Nbd7 11. exf6 Bb7 12. Be2 Nxf6 13. Bf3 Be7 14. O-O Qd7
15. Qd2 O-O-O 16. Rfd1 Rdg8 17. Bf4 Nh5 18. Be5 f6 19. Bg3 Nxg3 20. fxg3 e5 21.
dxe5 Bc5+ 22. Kf1 Qxd2 23. Rxd2 Rxh2 24. Rad1 Rh1+ 25. Ke2 Rxd1 26. Rxd1 fxe5
27. Ne4 Bd4 28. b3 cxb3 29. axb3 Kc7 30. Rc1 Rg6 31. g4 Kb6 32. b4 a5 33. bxa5+
Kxa5 34. g5 Kb6 35. Bh5 Rg7 36. g6 c5 37. Nd6 Bc6 38. Nf5 e4 39. Nxg7 Bxg7 40.
Rh1 b4 41. Bg4 b3 42. Ke1 c4 43. Rh7 Bd4 44. g7 c3 45. g8=Q c2 46. Kd2 Be3+ 47.
Kxe3 c1=Q+ 48. Kf2 Qf4+ 49. Bf3 Qd2+ 50. Kg3 Qd6+ 51. Kh3 Bd7+ 52. g4 exf3 53.
Qxb3+ Bb5 1-0

[Event "Mercredi 2022.04.06 ABCD"]
[Site "Montreal CAN"]
[Date "2022.05.04"]
[Round "5"]
[White "Nunez, Omar"]
[Black "Chapdelaine, Gwyn"]
[Result "1/2-1/2"]
[WhiteElo "1951"]
[BlackElo "1830"]
[PlyCount "96"]
[EventDate "2022.04.06"]
[EventType "tourn"]
[EventRounds "5"]
[EventCountry "CAN"]

1. d4 Nf6 2. Bf4 d6 3. Nf3 Bf5 4. e3 Nbd7 5. Bd3 Bg4 6. h3 Bh5 7. Be2 c6 8.
Nbd2 Qc7 9. c4 e5 10. Bh2 Be7 11. c5 Rd8 12. O-O O-O 13. cxd6 Bxd6 14. Nc4 Bxf3
15. Bxf3 Rfe8 16. Nxd6 Qxd6 17. dxe5 Nxe5 18. Qxd6 Rxd6 19. Bxe5 Rxe5 20. Rfd1
Rxd1+ 21. Rxd1 Kf8 22. Rd3 Rb5 23. Rd2 Ke7 24. g3 Nd7 25. Kf1 Ne5 26. Be2 Rc5
27. b3 f6 28. f4 Nf7 29. Bd3 f5 30. e4 fxe4 31. Bxe4 g6 32. Kf2 Nd6 33. Bd3 Rc3
34. g4 c5 35. Re2+ Kf6 36. Ke3 Rc1 37. Rc2 Rxc2 38. Bxc2 h6 39. h4 g5 40. fxg5+
hxg5 41. h5 Nf7 42. Be4 b5 43. a4 bxa4 44. bxa4 Ne5 45. Bf5 Nf7 46. Bg6 Ne5 47.
Bf5 Nf7 48. Bg6 Ne5 1/2-1/2

[Event "Mercredi 2022.04.06 ABCD"]
[Site "Montreal CAN"]
[Date "2022.05.04"]
[Round "5"]
[White "Rodrigue-Lemieux, Shawn"]
[Black "Lopez Linares, Lizandro"]
[Result "1-0"]
[WhiteElo "2435"]
[BlackElo "2181"]
[PlyCount "69"]
[EventDate "2022.04.06"]
[EventType "tourn"]
[EventRounds "5"]
[EventCountry "CAN"]

1. c4 b6 2. Nc3 Bb7 3. e4 c5 4. g3 e6 5. Bg2 d6 6. Nge2 Nd7 7. O-O Ngf6 8. d3
Qc7 9. h3 Be7 10. Be3 a6 11. Rc1 O-O 12. g4 h6 13. Ng3 Rfe8 14. d4 cxd4 15.
Qxd4 Rab8 16. f4 Ba8 17. Qd1 Bf8 18. b3 g6 19. h4 Bg7 20. Bf3 Nh7 21. Qd2 Rbd8
22. Nce2 Qb8 23. Bg2 b5 24. cxb5 axb5 25. h5 Ndf6 26. Qa5 Rd7 27. hxg6 fxg6 28.
Bf3 g5 29. Nc3 gxf4 30. Bxf4 b4 31. Nb5 Ng5 32. Bxg5 d5 33. Bh4 Nxe4 34. Bxe4
dxe4 35. Nc7 1-0

[Event "Mercredi 2022.04.06 ABCD"]
[Site "Montreal CAN"]
[Date "2022.05.04"]
[Round "5"]
[White "Singher, Jean-Pierre"]
[Black "Gadbois, Patrick"]
[Result "1/2-1/2"]
[WhiteElo "1898"]
[BlackElo "1888"]
[PlyCount "86"]
[EventDate "2022.04.06"]
[EventType "tourn"]
[EventRounds "5"]
[EventCountry "CAN"]

1. d4 e6 2. c4 d5 3. Nf3 c6 4. e3 Bd6 5. Nc3 Nd7 6. Qc2 Ngf6 7. b3 O-O 8. Bb2
a6 9. Be2 e5 10. O-O-O e4 11. Nd2 b5 12. c5 Bc7 13. f3 b4 14. Na4 Re8 15. fxe4
Nxe4 16. Nxe4 Rxe4 17. Bd3 Rxe3 18. Bxh7+ Kh8 19. Bd3 Qe7 20. Kb1 Nf6 21. Nb6
Bxb6 22. cxb6 Bb7 23. Bc1 Re6 24. Bf5 Re2 25. Qc5 Re8 26. Qxe7 R8xe7 27. g4 Ne8
28. Bd2 a5 29. Bd3 R2e6 30. Bf5 Re2 31. Bd3 R2e6 32. Rde1 Nf6 33. Bf5 Rxe1+ 34.
Rxe1 Rxe1+ 35. Bxe1 g6 36. Bh4 Kg7 37. Bxf6+ Kxf6 38. Bd3 Kg5 39. h3 Kh4 40.
Bf1 Kg3 41. Kc1 g5 42. Kd2 Kf2 43. Bd3 Kg3 1/2-1/2

[Event "Mercredi 2022.04.06 ABCD"]
[Site "Montreal CAN"]
[Date "2022.05.04"]
[Round "5"]
[White "Zheng, Richard"]
[Black "Genzling, Jerome"]
[Result "1-0"]
[WhiteElo "2192"]
[BlackElo "2022"]
[PlyCount "113"]
[EventDate "2022.04.06"]
[EventType "tourn"]
[EventRounds "5"]
[EventCountry "CAN"]

1. d4 d5 2. c4 e6 3. Nc3 a6 4. cxd5 exd5 5. Nf3 c6 6. Qc2 Nf6 7. Bg5 Be6 8. e3
h6 9. Bh4 Nbd7 10. Be2 Bd6 11. O-O O-O 12. Rab1 Re8 13. b4 Qc7 14. Bg3 Ne4 15.
Nxe4 dxe4 16. Bxd6 Qxd6 17. Nd2 f5 18. a4 Rac8 19. Nb3 Bxb3 20. Qxb3+ Kh8 21.
Rfc1 Nf6 22. b5 axb5 23. axb5 f4 24. bxc6 bxc6 25. Qb4 Qe6 26. Qb3 Nd5 27. exf4
Qf6 28. g3 e3 29. Qd3 exf2+ 30. Kxf2 Re3 31. Qd2 Rce8 32. Bf3 Nxf4 33. Qxe3
Rxe3 34. Kxe3 Nd5+ 35. Bxd5 cxd5 36. Rd1 h5 37. Rb2 Qf5 38. Kd2 Qe4 39. Kc3 Kh7
40. Rdd2 Qe7 41. Kb3 Kh6 42. Ka4 Qc7 43. Kb5 Qc4+ 44. Kb6 Kg5 45. Rbc2 Qb3+ 46.
Kc5 Kg4 47. Kd6 Kf5 48. Rf2+ Ke4 49. Rce2+ Kxd4 50. Rf4+ Kd3 51. Rf3+ Kxe2 52.
Rxb3 d4 53. Ke5 d3 54. Kf5 d2 55. Rb2 Kd3 56. Rxd2+ Kxd2 57. Kg5 1-0

[Event "Mercredi 2022.05.11 ABCD"]
[Site "Montreal CAN"]
[Date "2022.05.11"]
[Round "1"]
[White "Abderaouf, Sekki"]
[Black "Baran, Marius"]
[Result "1-0"]
[WhiteElo "1794"]
[BlackElo "1753"]
[PlyCount "115"]
[EventDate "2022.05.11"]
[EventType "tourn"]
[EventRounds "5"]
[EventCountry "CAN"]

1. d4 Nf6 2. c4 e6 3. Nf3 b6 4. g3 Bb7 5. Bg2 Be7 6. O-O O-O 7. Re1 c5 8. d5
exd5 9. Nh4 Na6 10. cxd5 d6 11. Nf5 Rb8 12. Nc3 Bc8 13. Nxe7+ Qxe7 14. e4 Rd8
15. f4 Bg4 16. Qb3 b5 17. e5 c4 18. Qc2 Nb4 19. Qd2 dxe5 20. Rxe5 Qc5+ 21. Qe3
Qxe3+ 22. Bxe3 Nd3 23. Bxa7 Rb7 24. Bd4 b4 25. d6 Rbb8 26. Nd5 Rxd6 27. Nxf6+
gxf6 28. Rd5 Rxd5 29. Bxd5 Rd8 30. Bxc4 Rxd4 31. Ba6 Nc5 32. Bb5 Rd1+ 33. Rxd1
Bxd1 34. Kf2 Kf8 35. Ke3 Ke7 36. Kd4 Kd6 37. Kc4 Be2+ 38. Kxb4 Bf3 39. a4 Bb7
40. Be8 Bd5 41. Kb5 Ne6 42. Kb6 Nc7 43. Bb5 Nxb5 44. Kxb5 Kc7 45. Kc5 Bb3 46.
Kb4 Be6 47. Kc5 Kb7 48. Kd6 Bb3 49. Ke7 Bxa4 50. Kxf7 f5 51. Kg7 h5 52. Kg6 h4
53. gxh4 Kc7 54. Kxf5 Kd8 55. Kg6 Ke7 56. Kg7 Be8 57. f5 Bh5 58. b4 1-0

[Event "Mercredi 2022.05.11 ABCD"]
[Site "Montreal CAN"]
[Date "2022.05.11"]
[Round "1"]
[White "Cardin, Guillaume"]
[Black "Adam, Rafael"]
[Result "1/2-1/2"]
[WhiteElo "2034"]
[BlackElo "2043"]
[PlyCount "135"]
[EventDate "2022.05.11"]
[EventType "tourn"]
[EventRounds "5"]
[EventCountry "CAN"]

1. d4 Nf6 2. c4 e6 3. g3 Bb4+ 4. Bd2 Be7 5. Bg2 d5 6. Nf3 O-O 7. O-O dxc4 8.
Qc2 Bd7 9. Qxc4 Bc6 10. Nc3 a6 11. a4 a5 12. Rfd1 Na6 13. Bf4 Nb4 14. Nb5 Nfd5
15. Be5 Bd6 16. e4 Nb6 17. Qe2 Qe7 18. b3 Nd7 19. Nxd6 cxd6 20. Bf4 Nf6 21. Ne1
Rac8 22. Nd3 Nxd3 23. Qxd3 d5 24. e5 Nd7 25. h4 Nb8 26. h5 h6 27. Bd2 b6 28.
Bc1 Rfd8 29. Ba3 Qg5 30. Bf3 Bb7 31. Rdc1 Ba6 32. Qd1 Qf5 33. Be2 Qe4 34. Bxa6
Nxa6 35. Rxc8 Rxc8 36. Rc1 Rxc1 37. Qxc1 Qxd4 38. Qc8+ Kh7 39. Qxa6 Qa1+ 40.
Kg2 Qxa3 41. Qxb6 Qb2 42. Qxa5 Qxe5 43. Qb5 Qe4+ 44. Kf1 d4 45. Qc4 Qh1+ 46.
Ke2 Qxh5+ 47. Kd2 e5 48. a5 Qg5+ 49. Kc2 Qf6 50. Qd3+ g6 51. f3 Qc6+ 52. Kb2 f5
53. a6 e4 54. fxe4 fxe4 55. Qc4 Qd7 56. Qb4 e3 57. Qb7 Qxb7 58. axb7 e2 59.
b8=Q e1=Q 60. Qc7+ Kg8 61. Qd8+ Kf7 62. Qd7+ Kg8 63. Qd5+ Kf8 64. Qd8+ Kf7 65.
Qd7+ Kg8 66. Qd5+ Kf8 67. Qd8+ Kf7 68. Qd7+ 1/2-1/2